000
00342nam a2200145Ia 4500
003
OSt
005
20240102062156.0
008
170523s9999 xx 000 0 und d
020
_a
9789350041895
040
_c
IIMT UNIVERSITY
100
_a
Petzold- Charles
245
0
_a
Programming Windows Phone 7
260
_a
Dreamtech
942
_2
ddc
_c
02
999
_c
12327
_d
12327